Adatok az Egri Egyhazmegye Történelméhez

Bibliographic Details
Main Author: Kandra, Kabos, 1843-1905 (Author)
Format: Book
Language:Undetermined
PhysicalDescription:243 s.
Published: Eger Szolczányi Gyula Bizománya 1887

MARC

LEADER 00000nam a2200000 a 4500
001 vtls001394875
003 SK-MaSNL
005 20260301115910.0
008 240315s1887 xx 0 und
035 |a SNK000349216 
040 |a SNK  |b slo  |c SNK  |e AACR2 
041 0 |a und 
044 |a xx 
100 1 |a Kandra, Kabos,  |d 1843-1905  |4 aut  |9 461635 
245 1 |a Adatok az Egri Egyhazmegye Történelméhez 
260 |a Eger  |b Szolczányi Gyula Bizománya  |c 1887 
300 |a 243 s. 
958 |a ONDV 
999 |c 723973  |d 725903 
952 |t P60, <04>, [BOOK], {604}  |a SNK  |b SNK  |y VYP  |7 0  |p 17A0248235  |o snkIC 3260/2  |0 0  |1 0  |4 0  |d 2000-08-23  |l 0  |r 2005-01-02 00:00:00  |w 2026-02-23